| 000 | 00844nam a2200253 i 4500 | ||
|---|---|---|---|
| 001 | 67625 | ||
| 003 | ES-MaACL | ||
| 005 | 20250728092002.0 | ||
| 007 | t| | ||
| 008 | 040608s2000 sp a ||||0| spa d | ||
| 020 | _a84-86407-57-5 | ||
| 080 | _a914.601.11 Santiago (0:7) | ||
| 080 | _a76(460.111 Santiago) | ||
| 100 | 1 |
_aCores Trasmonte, Baldomero. _940583 |
|
| 245 | 1 | 0 |
_aSantiago de Compostela, a gran panorĂ¡mica / _cpor Baldomero Cores Trasmonte. |
| 260 |
_aSantiago : _bFollas Novas ; _a[Zamora] : _bMonte Casino, _c2000. |
||
| 300 |
_a280 p. : _bil. ; _c18 cm. |
||
| 490 | 1 |
_aEl Camino de Santiago ; _v10 |
|
| 650 | 1 | 4 |
_aGrabado- _zSantiago de Compostela. _913142 |
| 651 | 4 |
_aSantiago de Compostela- _xEn el arte. _99367 |
|
| 830 | 0 | 3 |
_aEl Camino de Santiago _v10 _9183002 |
| 852 |
_aES-MaACL _jL-27939 |
||
| 999 |
_c67625 _d67625 |
||